À la recherche des départements manquants - 1 - Statistiques

Statistiques générales
  • Ce quiz a été pris 61 fois
  • Le résultat moyen est 8 sur 12
Statistiques - réponses
Hint Réponse % Correct
"Côtes d'Armor", "Finistère", "Ille-et-Vilaine". Morbihan
91%
"Calvados", "Eure", "Orne", "Seine-Maritime". Manche
83%
"Aisne", "Nord", "Pas-de-Calais", "Somme". Oise
83%
"Paris", "Seine-et-Marne", "Yvelines", "Hauts-de-Seine", "Seine-Saint-Denis", "Val-de-Marne", "Val-D'Oise". Essonne
81%
"Cher", "Eure-et-Loir", "Indre-et-Loire", "Loir-et-Cher", "Loiret". Indre
80%
"Côte-d'Or", "Doubs", "Jura", "Haute-Saône", "Saône-et-Loire", "Yonne", "Territoire-de-Belfort". Nièvre
72%
"Ain", "Allier", "Ardèche", "Cantal", "Drôme", "Loire", "Haute-Loire", "Puy-de-Dôme", "Rhône", "Savoie", "Haute-Savoie". Isère
69%
"Ardennes", "Aube", "Marne", "Haute-Marne", "Meurthe-et-Moselle", "Meuse", "Bas-Rhin", "Haut-Rhin", "Vosges". Moselle
67%
"Alpes-de-Haute-Provence", "Hautes-Alpes", "Alpes-Maritimes", "Bouches-du-Rhône", "Var". Vaucluse
67%
"Loire-Atlantique", "Maine-et-Loire", "Mayenne", "Sarthe". Vendée
57%
"Charente", "Charente-Maritime", "Corrèze", "Creuse", "Dordogne", "Landes", "Lot-et-Garonne", "Pyrénées-Atlantiques", "Deux-Sèvres", "Vienne", "Haute-Vienne". Gironde
50%
"Ariège", "Aude", "Aveyron", "Haute-Garonne", "Gers", "Hérault", "Lot", "Lozère", "Hautes-Pyrénées", "Pyrénées-Orientales", "Tarn", "Tarn-et-Garonne". Gard
33%
Aucun quiz correspondant
Distribution des résultats
% des personnes avec chaque résultat
Percentile par nombre de réponses
Votre historique - résultats
Vous n’avez pas pris ce quiz